Poblete
Uloženo v:
| Médium: | Kniha |
|---|---|
| Jazyk: | španělština angličtina |
| Vydáno: |
Santiago
Pehuén Editores
2011
|
| Vydání: | 1a. ed |
| Témata: | |
| Tagy: |
Přidat tag
Žádné tagy, Buďte první, kdo vytvoří štítek k tomuto záznamu!
|
MARC
| LEADER | 00000cam a2200000 a 4500 | ||
|---|---|---|---|
| 001 | UCE1894 | ||
| 003 | CL-VaPUC | ||
| 008 | 140526e20110000cl |||||||||||||||||spa|d | ||
| 020 | |a 9789561605442 | ||
| 041 | 0 | 7 | |a spa |2 CL-VaPUC |
| 041 | 0 | 7 | |a eng |2 CL-VaPUC |
| 082 | 0 | 4 | |a 759.983 |b POB |2 21 |
| 245 | 1 | 0 | |a Poblete |
| 250 | |a 1a. ed | ||
| 300 | |a 152 p | ||
| 942 | |c BK | ||
| 945 | |d 20140526 07:41:00 |a dcastane | ||
| 260 | |a Santiago |b Pehuén Editores |c 2011 | ||
| 650 | 0 | |a Pintura chilena |9 266171 | |
| 650 | 0 | |a Pintores chilenos |9 345328 | |
| 650 | 0 | |a Pintura chilena contemporanea |9 464598 | |
| 650 | 0 | |a Biografías |9 255210 | |
| 583 | |a last modification |c 20140526 07:41:00 |k Rodrigo Vera | ||
| 999 | |c 355578 |d 355576 | ||
| 952 | |0 0 |1 0 |3 erb |4 0 |6 759_983000000000000_POB_2011 |7 0 |8 R |9 462342 |a BIBART |b BIBART |i 5075297 |o 759.983 POB 2011 |p 5075297 |r 2025-03-13 |w 2019-11-23 |y BK_R |z Catalogado en:20140526 |k ART | ||